Statistics for All County Seats in Indiana

Click here to take the quiz!

General Stats

  • This quiz has been taken 12 times
  • The average score is 26 of 92

Answer Stats

CountyCounty Seat% Correct
MarionIndianapolis
100%
TippecanoeLafayette
88%
MadisonAnderson
75%
AllenFort Wayne
75%
HuntingtonHuntington
75%
GrantMarion
75%
St. JosephSouth Bend
75%
MonroeBloomington
63%
VanderburghEvansville
63%
HowardKokomo
63%
DelawareMuncie
63%
HamiltonNoblesville
63%
BartholomewColumbus
50%
ElkhartGoshen
50%
DecaturGreensburg
50%
BlackfordHartford City
50%
ClarkJeffersonville
50%
LaGrangeLaGrange
50%
LaPorteLaPorte
50%
MiamiPeru
50%
OhioRising Sun
50%
RushRushville
50%
ShelbyShelbyville
50%
TiptonTipton
50%
WabashWabash
50%
KosciuskoWarsaw
50%
SteubenAngola
38%
MontgomeryCrawfordsville
38%
AdamsDecatur
38%
JohnsonFranklin
38%
StarkeKnox
38%
CassLogansport
38%
BrownNashville
38%
HenryNew Castle
38%
JayPortland
38%
WayneRichmond
38%
VigoTerre Haute
38%
DaviessWashington
38%
LawrenceBedford
25%
WhitleyColumbia City
25%
FayetteConnersville
25%
LakeCrown Point
25%
PutnamGreencastle
25%
DuboisJasper
25%
UnionLiberty
25%
JeffersonMadison
25%
MorganMartinsville
25%
FloydNew Albany
25%
OwenSpencer
25%
SullivanSullivan
25%
KnoxVincennes
25%
RandolphWinchester
25%
NobleAlbion
13%
DeKalbAuburn
13%
WellsBluffton
13%
ClayBrazil
13%
FranklinBrookville
13%
JacksonBrownstown
13%
BentonFowler
13%
NewtonKentland
13%
DearbornLawrenceburg
13%
PoseyMount Vernon
13%
OrangePaoli
13%
MarshallPlymouth
13%
FultonRochester
13%
ScottScottsburg
13%
MartinShoals
13%
PerryTell City
13%
PorterValparaiso
13%
JenningsVernon
13%
RipleyVersailles
13%
GreeneBloomfield
0%
WarrickBoonville
0%
HarrisonCorydon
0%
FountainCovington
0%
HendricksDanville
0%
CarrollDelphi
0%
CrawfordEnglish
0%
ClintonFrankfort
0%
HancockGreenville
0%
BooneLebanon
0%
WhiteMonticello
0%
VermillionNewport
0%
PikePetersburg
0%
GibsonPrinceton
0%
JasperRennselaer
0%
SpencerRockport
0%
ParkeRockville
0%
WashingtonSalem
0%
SwitzerlandVevay
0%
WarrenWilliamsport
0%
PulaskiWinamac
0%

Score Distribution

Percentile by Number Answered

Percent of People with Each Score

Your Score History

You have not taken this quiz